Моделирование ядерного реактора ИРТ-2000 на математических машинах непрерывного действия; Вопросы теории и применения математического моделирования

Detaylı Bibliyografya
Parent link:Вопросы теории и применения математического моделирования.— 1965.— С. 438-457
Yazar: Винтизенко И. Г.
Diğer Yazarlar: Дурновцев В. Я.
Dil:Rusça
Baskı/Yayın Bilgisi: 1965
Konular:
Materyal Türü: MixedMaterials Kitap Bölümü
KOHA link:https://koha.lib.tpu.ru/cgi-bin/koha/opac-detail.pl?biblionumber=175814

MARC

LEADER 00000naa2a2200000 4500
001 175814
005 20231031165146.0
035 |a (RuTPU)RU\TPU\book\190612 
035 |a RU\TPU\tpu\4781 
090 |a 175814 
100 |a 20100217d1965 k y0rusy50 ca 
101 0 |a rus 
102 |a RU 
200 1 |a Моделирование ядерного реактора ИРТ-2000 на математических машинах непрерывного действия  |f И. Г. Винтизенко, В. Я. Дурновцев 
320 |a Библиогр.: 5 назв. 
463 0 |0 (RuTPU)RU\TPU\book\71395  |t Вопросы теории и применения математического моделирования  |f Под ред. И. М. Витенберга ; Г. М. Петрова; Г. Е. Пухова  |v С. 438-457  |d 1965  |p 647 с. 
610 1 |a радиоэлектроника 
610 1 |a труды учёных ТПУ 
700 1 |a Винтизенко  |b И. Г. 
701 1 |a Дурновцев  |b В. Я. 
801 0 |a RU  |b 63413507  |c 20011210  |g PSBO 
801 2 |a RU  |b 63413507  |c 20111004  |g PSBO 
942 |c BK